Al son del amor : (Registro nro. 12737)

Detalles MARC
000 -LIDER
fixed length control field 00786nam a2200253 a 4500
001 - NÚMERO DE CONTROL
Identificador de número de control 000009990
003 - IDENTIFICACDOR DE NÚMERO DE CONTROL
control field DO-SdBNP
005 - DATE AND TIME OF LATEST TRANSACTION
control field 20240229062259.0
008 - ELEMENTOS DE LONGITUD FIJA
fixed length control field 091002s2003 dr 000 0 spa d
020 ## - ISBN
International Standard Book Number 9993473235
040 ## - FUENTE DE CATALOGACIÓN
Agencia que crea de manera original el registro DO-SdBNP
Idioma de catalogación spa
Agencia que realiza la transcripción BPMSU
082 #4 - NÚMERO DE CLASIFICACIÓN DECIMAL DE DEWEY
Classification number RD863.44
Item number U42a 2003
Edition number 22
100 1# - ASIENTO PRINCIPAL -- NOMBRE PERSONAL
Nombre personal Ulloa, Alberto
Fechas asociadas con el nombre 1950-2011
100 z# - ASIENTO PRINCIPAL -- NOMBRE PERSONAL
Nombre personal U., Alberto
245 10 - MENCIÓN DE TITULO
Título Al son del amor :
Subtítulo (escrito en Madrid: 1975-77) /
Mención de responsabilidad Alberto Ulloa ; edición Tomás Castro Burdiez.
260 ## - PUBLICACIÓN, DISTRIBUCIÓN, ETC. (PIE DE IMPRENTA)
Lugar de publicación, distribución, etc Santo Domingo :
Nombre del editor, distribuidor, etc. Editora de Colores,
Fecha de publicación, distribución, etc 2003.
300 ## - DESCRIPCIÓN FÍSICA
Extensión 249 p. ;
Dimensiones 22 cm.
590 ## - NOTA LOCAL
Texto de la nota local Inventariado, 2024 /VM
650 #4 - ENCABEZAMIENTO DE MATERIA--TEMÁTICO
Término temático o nombre geográfico como elemento de entrada Poesía dominicana
650 #4 - ENCABEZAMIENTO DE MATERIA--TEMÁTICO
Término temático o nombre geográfico como elemento de entrada Literatura dominicana.
700 1# - ASIENTO SECUNDARIO -- NOMBRE PERSONAL
Nombre personal Castro Burdiez, Tomás,
Mención de responsabilidad ed.
910 ## - VALIDACIÓN
Validación VMateo V. Control de calidad BPMSU
942 ## - ADDED ENTRY ELEMENTS (KOHA)
Source of classification or shelving scheme Dewey Decimal Classification
Koha item type Libros
Existencias
Withdrawn status Lost status Source of classification or shelving scheme Damaged status Not for loan Collection code Home library Current library Date acquired Source of acquisition Total Checkouts Full call number Barcode Date last seen Price effective from Koha item type Copy number
    Dewey Decimal Classification     Colección Dominicana Biblioteca Pública Metropolitana Salomé Ureña Biblioteca Pública Metropolitana Salomé Ureña 10/31/2017 COMPRA   BPMSU CD RD861.44 U42a 2003 BPMSU17100199 10/31/2017 10/31/2017 Libros  
    Dewey Decimal Classification     Colección Dominicana Biblioteca Pública Metropolitana Salomé Ureña Biblioteca Pública Metropolitana Salomé Ureña 10/31/2017 COMPRA   BPMSU CD RD861.44 U42a 2003 BPMSU17100200 10/31/2017 10/31/2017 Libros e.2
    Dewey Decimal Classification     Colección Dominicana Biblioteca Pública Metropolitana Salomé Ureña Biblioteca Pública Metropolitana Salomé Ureña 10/31/2017 COMPRA   BPMSU CD RD861.44 U42a 2003 BPMSU26050090 05/20/2026 10/31/2017 Libros e.3